000 00612nam a2200193Ia 4500
008 151121s9999||||xx |||||||||||||| ||und||
082 _a813-/पानव
082 _bHNW-19012
100 _aपानवलकर श्री। दा।
245 _aऔदुंबर
260 _b"मौज प्रकाशन ग्रह, मुंबई।"
260 _c--
300 _a206
600 _aपानवलकर श्री। दा।
630 _aऔदुंबर
700 _aपानवलकर श्री। दा।
730 _aऔदुंबर
942 _cBOOK
999 _c1220611
_d1220608